Gleaning from Ruth: (Record no. 33827)

MARC details
000 -LEADER
fixed length control field 00688nam a22002297a 4500
008 - FIXED-LENGTH DATA ELEMENTS--GENERAL INFORMATION
fixed length control field 251113b |||||||| |||| 00| 0 eng d
017 ## - LEGAL DEPOSIT NUMBER
Legal deposit number LD.0771
018 ## - LEGAL DEPOSIT YEAR
LDD Year 2025
020 ## - INTERNATIONAL STANDARD BOOK NUMBER
ISBN 9789789544837
040 ## - CATALOGING SOURCE
Original cataloging agency NLN
Language of cataloging English
Description conventions AACR2
100 ## - MAIN ENTRY--AUTHOR
Author OLUWASEUN, Ayanfeoluwa
Relator term aut
245 ## - TITLE STATEMENT
Title Gleaning from Ruth:
Remainder of title pathway to restoration /
Statement of responsibility, etc Ayanfeoluwa Oluwaseun
260 ## - PUBLICATION, DISTRIBUTION, ETC. (IMPRINT)
Place of publication Ikeja, Lagos (54 Opebi Road):
Name of publisher Thots and Works,
Date of publication 2018
300 ## - COLLATION
Pagination x, 111p.:
Other physical details ill.; 2018
563 ## - BINDING INFORMATION
Binding note (pbk)
650 ## - TRACINGS
Main Subject Devotional Calendars
Subdivision (1st) Christianity
650 ## - TRACINGS
Main Subject Ruth
Subdivision (1st) in the bible
942 ## - ADDED ENTRY ELEMENTS (KOHA)
Item type Books
Suppress in OPAC No
050 ## - LIBRARY OF CONGRESS CALL NUMBER
Classification number BV4811
Item number .O52
082 ## - DEWEY DECIMAL CLASSIFICATION NUMBER
Classification number 242.2
Holdings
Source of classification or shelving scheme Not for loan Home library Current library Date acquired Mode of acquisition Accession No. Full call number Barcode. Copy number Koha item type
Library of Congress Classification   ABUJA LIBRARY BRANCH National Library of Nigeria 13/11/2025 Legal deposit 456528 BV4811 .O52 456528 1 Books
Library of Congress Classification   ABAKALIKI BRANCH National Library of Nigeria 13/11/2025 Legal deposit 456529 BV4811 .O52 456529 1 Books

National Library of Nigeria OPAC is powered by Koha